zpět

Detail výsledku týmu

The PUB Praha 6 PO, Praha

Datum a čas kvízu

29 Celkem bodů Celkový počet nahraných bodů na tomto kvízu bez doplňovacích otázek.
4. Pořadí na kvízu Konečné umístění týmu na tomto kvízu.

Zaznamenané odpovědi

# Otázka Odpověď Body Výsledky
1. V pondělí vstoupila v Česku do... zkušební komisaři (v autoškolách) 0
2. Jedna z evropských zemí si min... ve Švédsku 1
3. V pražském Žižkově přibylo sed... Prdlavky 0
4. Premiér v demisi Andrej Babiš... horu Říp 0
5. Prohrávat 0:2, dostat červenou... Slovácko 1
6. Vítězné téma facebookového hla... Dařbuján a Pandrhola 0
7. Další otázka se bude týkat zná... Hannibal Lecter 1
8. V roce 2000 se režisér F. A. B... 1D 2C 3A 4B 0
9. „Jedno vám teda povim bejt idi... Forrest Gump 1
10. Podle knih Stephena Kinga byly... 1B 2A 3D 4C 1